[Event "TUR Cup"]
[Site "Antalya"]
[Date "2020.01.30"]
[Round "7"]
[White "Keskec, Yaser"]
[Black "Fazla, Onder Zafer"]
[Result "0-1"]
[WhiteElo "1450"]
[BlackElo "1646"]
[PlyCount "76"]
[EventDate "2020.01.26"]
[EventType "swiss"]
[EventRounds "11"]
[EventCountry "TUR"]
[SourceTitle "CBM 194 Extra"]
[Source "ChessBase"]
[SourceDate "2020.03.31"]
[SourceVersion "1"]
[SourceVersionDate "2020.03.31"]
[SourceQuality "1"]

1. e4 d5 2. exd5 Qxd5 3. d4 Nf6 4. c4 Qd6 5. Nf3 Bg4 6. Be2 Qb4+ 7. Nc3 c6 8. 0-0 Bxf3 9. gxf3 e6 10. a3 Qb6 11. Be3 Nbd7 12. Ne4 Qc7 13. Qd2 Rd8 14. b4 h6 15. c5 g5 16. Rfc1 Nd5 17. Nc3 N7f6 18. Nd1 Nh5 19. a4 f5 20. Qb2 Bg7 21. Bc4 Nhf4 22. Bxd5 Nxd5 23. b5 0-0 24. Nc3 Nf4 25. Rd1 Rf6 26. a5 Nd5 27. b6 axb6 28. axb6 Qf7 29. Rd3 Qh5 30. Nxd5 Rxd5 31. Kg2 f4 32. Bd2 g4 33. Qc3 Qh3+ 34. Kh1 Rh5 35. Kg1 gxf3 36. Rxf3 Rg6+ 37. Rg3 Qxh2+ 38. Kf1 fxg3 0-1

[Event "TUR Cup"]
[Site "Antalya"]
[Date "2020.01.29"]
[Round "5"]
[White "Fazla, Onder Zafer"]
[Black "Ersoy, Emre"]
[Result "1/2-1/2"]
[WhiteElo "1646"]
[BlackElo "1499"]
[PlyCount "115"]
[EventDate "2020.01.26"]
[EventType "swiss"]
[EventRounds "11"]
[EventCountry "TUR"]
[SourceTitle "CBM 194 Extra"]
[Source "ChessBase"]
[SourceDate "2020.03.31"]
[SourceVersion "1"]
[SourceVersionDate "2020.03.31"]
[SourceQuality "1"]

1. c4 e6 2. Nc3 Nf6 3. Nf3 c5 4. e3 Nc6 5. d4 cxd4 6. exd4 d5 7. cxd5 exd5 8. Be2 Be7 9. 0-0 0-0 10. Bf4 Bf5 11. h3 h6 12. Bd3 Be4 13. Be5 Re8 14. Bb5 a6 15. Bxc6 bxc6 16. Nd2 Bg6 17. Qa4 Qb6 18. Nb3 Nd7 19. Nxd5 cxd5 20. Qxd7 Rad8 21. Qc7 Qxc7 22. Bxc7 Rc8 23. Ba5 Bf6 24. Bc3 Re2 25. Rfe1 Rce8 26. Rxe2 Rxe2 27. Re1 Rxe1+ 28. Bxe1 Bc2 29. Bc3 Bxb3 30. axb3 Kf8 31. Kf1 Ke7 32. Ke2 Kd6 33. Kf3 Kc6 34. g3 Kb5 35. h4 a5 36. Ke3 a4 37. bxa4+ Kxa4 38. h5 Kb3 39. Kd3 g6 40. g4 gxh5 41. gxh5 Bg5 42. Ke2 Bc1 43. Kd3 f6 44. Ke2 Kc2 45. Ba5 Bxb2 46. Bd2 Bc1 47. Be3 f5 48. Kf3 Bb2 49. Kf4 Kd3 50. Kxf5 Bxd4 51. Bxd4 Kxd4 52. Kg6 Ke4 53. Kxh6 d4 54. Kg7 d3 55. h6 d2 56. h7 d1Q 57. h8Q Qd4+ 58. Kh7 1/2-1/2

[Event "TUR Cup"]
[Site "Antalya"]
[Date "2019.02.02"]
[Round "10"]
[White "Fazla, Onder Zafer"]
[Black "Bulut, Nazim"]
[Result "1-0"]
[WhiteElo "1649"]
[BlackElo "1496"]
[PlyCount "93"]
[EventDate "2019.01.27"]
[EventType "swiss"]
[EventRounds "11"]
[EventCountry "TUR"]
[SourceTitle "CBM 188 Extra"]
[Source "ChessBase"]
[SourceDate "2019.02.26"]
[SourceVersion "1"]
[SourceVersionDate "2019.02.26"]
[SourceQuality "1"]

1. d4 g6 2. c4 Bg7 3. e4 e6 4. Nc3 Ne7 5. Be3 c6 6. Nf3 0-0 7. Be2 d5 8. 0-0 dxe4 9. Nxe4 Nf5 10. c5 Qd5 11. Nc3 Qd8 12. Ne4 h6 13. Rc1 Nd7 14. Bf4 b5 15. Qd2 Kh7 16. Qd3 a5 17. g4 Ne7 18. h4 f5 19. Neg5+ hxg5 20. Nxg5+ Kg8 21. Nxe6 Qe8 22. Nc7 Qf7 23. Nxa8 fxg4 24. Bd6 Nf6 25. Nc7 Bf5 26. Qb3 Kh7 27. Qxf7 Rxf7 28. Rcd1 Ned5 29. Nxd5 Nxd5 30. Bd3 Nb4 31. Bxf5 gxf5 32. Be5 Bh6 33. f4 Kg6 34. Rfe1 Nd5 35. Bd6 Kh5 36. Re8 Kxh4 37. Rh8 Rf6 38. Kf2 g3+ 39. Kf3 g2 40. Rg1 Re6 41. Rxg2 Kh3 42. Bf8 Re3+ 43. Kf2 Re2+ 44. Kxe2 Kxg2 45. Bxh6 Nb4 46. Rg8+ Kh3 47. a3 1-0

[Event "TUR Cup"]
[Site "Antalya"]
[Date "2019.01.28"]
[Round "2"]
[White "Fazla, Onder Zafer"]
[Black "Ozturk, Tolga"]
[Result "1-0"]
[WhiteElo "1649"]
[BlackElo "1358"]
[PlyCount "119"]
[EventDate "2019.01.27"]
[EventType "swiss"]
[EventRounds "11"]
[EventCountry "TUR"]
[SourceTitle "CBM 188 Extra"]
[Source "ChessBase"]
[SourceDate "2019.02.26"]
[SourceVersion "1"]
[SourceVersionDate "2019.02.26"]
[SourceQuality "1"]

1. d4 c6 2. c4 d5 3. Nf3 Nf6 4. Nc3 dxc4 5. e3 b5 6. a4 b4 7. Na2 a5 8. Bxc4 e6 9. b3 Be7 10. Bb2 0-0 11. Qc2 Bb7 12. Rd1 Qc7 13. Nc1 Nbd7 14. Ne2 Rac8 15. Bd3 h6 16. Rc1 Qb6 17. Ne5 Nxe5 18. dxe5 Nd5 19. e4 Nc7 20. Bd4 c5 21. Bxc5 Bxc5 22. Qxc5 Nd5 23. Qxb6 Nxb6 24. 0-0 Nd7 25. f4 Nc5 26. Bc4 Bxe4 27. Rfd1 Rfd8 28. Nd4 Nd3 29. Bxd3 Rxc1 30. Rxc1 Bxd3 31. Nc6 Ra8 32. Rc5 Kf8 33. Nxa5 Ke8 34. Kf2 Kd7 35. Nc4 Bxc4 36. Rxc4 Rb8 37. Ke3 f6 38. exf6 gxf6 39. g4 Kd6 40. h4 e5 41. fxe5+ Kxe5 42. Rc5+ Kd6 43. Rf5 Ke6 44. Kd4 Rg8 45. Rf4 Rd8+ 46. Kc5 Rc8+ 47. Kxb4 Ke5 48. Rf5+ Ke6 49. a5 Rd8 50. Rf4 Rd6 51. Kb5 Rd5+ 52. Ka4 h5 53. gxh5 Rxh5 54. a6 Kd5 55. Rc4 Kd6 56. b4 Re5 57. b5 f5 58. b6 Kd5 59. Rb4 Kc6 60. b7 1-0

[Event "Manavgat Turkey Cup"]
[Site "Manavgat"]
[Date "2016.02.03"]
[Round "7"]
[White "Ozgen, Tolga"]
[Black "Fazla, Onder Zafer"]
[Result "1/2-1/2"]
[WhiteElo "1614"]
[BlackElo "1762"]
[PlyCount "105"]
[EventDate "2016.01.30"]
[EventType "swiss"]
[EventRounds "11"]
[EventCountry "TUR"]
[SourceTitle "CBM 170 Extra"]
[Source "ChessBase"]
[SourceDate "2016.02.25"]
[SourceVersion "1"]
[SourceVersionDate "2016.02.25"]
[SourceQuality "1"]

1. d4 d5 2. c4 c6 3. Nc3 Nf6 4. Nf3 e6 5. e3 Nbd7 6. Bd3 dxc4 7. Bxc4 b5 8. Bd3 Bb7 9. 0-0 a6 10. e4 c5 11. d5 c4 12. Bc2 Qc7 13. dxe6 fxe6 14. e5 Nd5 15. Nxd5 Bxd5 16. Qe2 Be7 17. Be4 Nc5 18. Bxd5 exd5 19. Bg5 Ne6 20. Bxe7 Qxe7 21. Rad1 0-0 22. Nd4 Nf4 23. Qg4 h5 24. Qg3 Qxe5 25. Rfe1 Qf6 26. Re3 Rae8 27. Rxe8 Rxe8 28. Kf1 Re4 29. Qc3 Nd3 30. Nf3 Nxb2 31. Qxf6 gxf6 32. Rxd5 c3 33. Rc5 Rc4 34. Rxc4 Nxc4 35. Nd4 Kf7 36. Ke2 Nb2 37. h4 Kg6 38. f3 f5 39. Nb3 f4 40. Nc5 Nc4 41. Kd3 c2 42. Kxc2 Ne3+ 43. Kd3 Nxg2 44. Nxa6 Kf5 45. Nc7 Nxh4 46. Ke2 Ke5 47. Nxb5 Nf5 48. Kf2 Ne3 49. a4 Nc4 50. Nc3 h4 51. Kg2 Kd4 52. Ne2+ Ke3 53. Ng1 1/2-1/2

[Event "Manavgat Turkey Cup"]
[Site "Manavgat"]
[Date "2015.02.02"]
[Round "4"]
[White "Barik, Ertunc Bahadir"]
[Black "Fazla, Onder Zafer"]
[Result "0-1"]
[WhiteElo "1619"]
[BlackElo "1806"]
[PlyCount "110"]
[EventDate "2015.01.31"]
[EventType "swiss"]
[EventRounds "11"]
[EventCountry "TUR"]
[SourceTitle "CBM 164 Extra"]
[Source "ChessBase"]
[SourceDate "2015.03.02"]
[SourceVersion "1"]
[SourceVersionDate "2015.03.02"]
[SourceQuality "1"]

1. c4 c5 2. Nf3 Nf6 3. Nc3 Nc6 4. d4 cxd4 5. Nxd4 e6 6. e3 Bb4 7. Bd2 0-0 8. Be2 a6 9. 0-0 d5 10. a3 Be7 11. Nxc6 bxc6 12. b4 c5 13. bxc5 Bxc5 14. Bf3 Bb7 15. cxd5 exd5 16. Na4 Ba7 17. Bc3 Ne4 18. Bd4 Bxd4 19. Qxd4 Qf6 20. Rfd1 Rfe8 21. Bxe4 dxe4 22. Qxf6 gxf6 23. Nc5 Bc8 24. Rd6 Kg7 25. Nd7 Re6 26. Rxe6 fxe6 27. Nb6 Rb8 28. Nxc8 Rxc8 29. Rb1 Rc3 30. Ra1 a5 31. h3 h5 32. Kf1 h4 33. Ke2 Rc2+ 34. Ke1 f5 35. a4 Kf6 36. Kf1 Ke7 37. Kg1 Rc4 38. Ra2 e5 39. g3 hxg3 40. fxg3 Kf6 41. Kf2 Kg5 42. Kg2 Rc1 43. Rb2 Ra1 44. Rb5 Ra2+ 45. Kg1 Rxa4 46. Rxe5 Kf6 47. Rb5 Ra1+ 48. Kg2 a4 49. h4 a3 50. h5 Re1 51. Ra5 Rxe3 52. h6 Kg6 53. h7 Kxh7 54. Rxf5 Re2+ 55. Kf1 Rb2 0-1

[Event "Manavgat Turkey Cup"]
[Site "Manavgat"]
[Date "2015.02.01"]
[Round "3"]
[White "Fazla, Onder Zafer"]
[Black "Kizilkus, Akin"]
[Result "0-1"]
[WhiteElo "1806"]
[BlackElo "1621"]
[PlyCount "142"]
[EventDate "2015.01.31"]
[EventType "swiss"]
[EventRounds "11"]
[EventCountry "TUR"]
[SourceTitle "CBM 164 Extra"]
[Source "ChessBase"]
[SourceDate "2015.03.02"]
[SourceVersion "1"]
[SourceVersionDate "2015.03.02"]
[SourceQuality "1"]

1. d4 Nf6 2. c4 g6 3. Nc3 Bg7 4. e4 d6 5. Nf3 0-0 6. Be3 Nbd7 7. Bd3 Ng4 8. Bg5 c5 9. h3 cxd4 10. Nd5 Ngf6 11. Nxf6+ Nxf6 12. Nxd4 Qa5+ 13. Bd2 Qb6 14. Bc3 Nh5 15. Bc2 Nf4 16. 0-0 Bd7 17. a4 Qc5 18. Qd2 Qg5 19. g3 Nxh3+ 20. Kg2 Qxd2 21. Bxd2 Bxd4 22. f4 Nf2 23. Rxf2 Bxf2 24. Kxf2 Rac8 25. Bd3 Be6 26. b3 f5 27. a5 a6 28. Be3 Bd7 29. Ke2 Bc6 30. exf5 gxf5 31. Re1 e6 32. Bd4 Kf7 33. Kd2 Rg8 34. Bf2 Rg6 35. b4 Rh6 36. b5 axb5 37. cxb5 Bd5 38. Rc1 Rxc1 39. Kxc1 Rh1+ 40. Kd2 Ra1 41. a6 bxa6 42. bxa6 Ke7 43. a7 Kd7 44. Bd4 Ra2+ 45. Ke3 Rg2 46. Bb6 Rxg3+ 47. Kd4 Rf3 48. Bb5+ Ke7 49. Bd3 Rxf4+ 50. Kc3 Rf3 51. Kd4 Rxd3+ 52. Kxd3 h5 53. Bf2 e5 54. Bh4+ Kd7 55. Ke2 f4 56. Kd3 e4+ 57. Kd4 Bb7 58. Bf2 e3 59. Bh4 Ke6 60. Be1 Kf5 61. Kd3 Kg4 62. Ke2 h4 63. Kf1 h3 64. Kg1 f3 65. Kh2 d5 66. Bg3 d4 67. Be1 d3 68. Bg3 d2 69. Bh4 d1Q 70. Bf2 Qf1 71. a8Q Bxa8 0-1

[Event "Kemer Turkey Cup"]
[Site "Kemer"]
[Date "2014.02.03"]
[Round "4"]
[White "Fazla, Onder Zafer"]
[Black "Can, Melih Kaan"]
[Result "0-1"]
[WhiteElo "1792"]
[BlackElo "2045"]
[PlyCount "158"]
[EventDate "2014.02.01"]
[EventType "swiss"]
[EventRounds "9"]
[EventCountry "TUR"]
[SourceTitle "CBM 158 Extra"]
[Source "ChessBase"]
[SourceDate "2014.02.28"]
[SourceVersion "1"]
[SourceVersionDate "2014.02.28"]
[SourceQuality "1"]

1. Nf3 Nf6 2. d4 c5 3. c4 g6 4. Nc3 Bg7 5. e4 cxd4 6. Nxd4 d6 7. Be2 0-0 8. Be3 Nc6 9. h3 Bd7 10. 0-0 a6 11. Qd2 Rb8 12. Rfd1 Re8 13. Rab1 Nxd4 14. Qxd4 Ng4 15. Qb6 Nxe3 16. Qxe3 b5 17. c5 Bc6 18. Nd5 Qc8 19. Bg4 Qb7 20. Bf3 e6 21. Nb4 dxc5 22. Qxc5 Bxe4 23. Bxe4 Qxe4 24. Nxa6 Rec8 25. Qe3 Qxe3 26. fxe3 Ra8 27. Nb4 Bf8 28. a3 Bxb4 29. axb4 Rc2 30. Rd7 Rc4 31. Rf1 Rf8 32. Rf4 Rc2 33. Rb7 Rxb2 34. Rxb5 f5 35. Rb7 Rf7 36. Rb8+ Kg7 37. Rf2 Rb3 38. Re2 Rc7 39. e4 f4 40. e5 g5 41. Rb6 Kf7 42. b5 h6 43. Rb8 Rc5 44. b6 Rcb5 45. h4 Kg6 46. hxg5 hxg5 47. g4 fxg3 48. Kg2 Rxb6 49. Rg8+ Kf5 50. Rf8+ Kg4 51. Re4+ Kh5 52. Rh8+ Kg6 53. Rg8+ Kf5 54. Re1 Rb2+ 55. Kg1 Kg4 56. Rc8 Rb1 57. Rcc1 Rxc1 58. Rxc1 Rb2 59. Rf1 Re2 60. Rf8 Re1+ 61. Kg2 Re2+ 62. Kg1 Rxe5 63. Kg2 Re2+ 64. Kg1 e5 65. Rf7 e4 66. Rf8 Re1+ 67. Kg2 Re2+ 68. Kg1 e3 69. Rf7 Rf2 70. Re7 e2 71. Re8 Rf1+ 72. Kg2 Rf2+ 73. Kg1 Kf4 74. Rf8+ Ke4 75. Re8+ Kd5 76. Rd8+ Ke6 77. Re8+ Kf7 78. Re3 Rf1+ 79. Kg2 e1Q 0-1

[Event "Kemer Turkey Cup"]
[Site "Kemer"]
[Date "2014.02.02"]
[Round "3"]
[White "Fazla, Onder Zafer"]
[Black "Tasan, Mehmet Askin"]
[Result "0-1"]
[WhiteElo "1792"]
[BlackElo "1948"]
[PlyCount "84"]
[EventDate "2014.02.01"]
[EventType "swiss"]
[EventRounds "9"]
[EventCountry "TUR"]
[SourceTitle "CBM 158 Extra"]
[Source "ChessBase"]
[SourceDate "2014.02.28"]
[SourceVersion "1"]
[SourceVersionDate "2014.02.28"]
[SourceQuality "1"]

1. Nf3 d5 2. d4 Nf6 3. c4 e6 4. Nc3 c6 5. e3 Be7 6. Bd3 0-0 7. 0-0 b6 8. Qc2 Bb7 9. cxd5 exd5 10. a4 Na6 11. Na2 Rc8 12. Qe2 Nc7 13. Bd2 Re8 14. b4 Bd6 15. Rfc1 Ne4 16. Rab1 Ne6 17. Be1 Bb8 18. Qc2 N6g5 19. Ne5 f6 20. Nf3 Qd6 21. h4 Nf7 22. Nc3 f5 23. Ne2 h6 24. h5 Qf6 25. Nf4 Nfg5 26. Ng6 Nxf3+ 27. gxf3 Qg5+ 28. Kf1 Qxh5 29. Ne5 Bxe5 30. fxe4 fxe4 31. dxe5 Qh3+ 32. Ke2 Qf3+ 33. Kd2 exd3 34. Qxd3 Rxe5 35. a5 Rce8 36. a6 Ba8 37. Rb3 d4 38. Qc4+ Kh8 39. exd4 Re2+ 40. Kd1 Rxe1+ 41. Kc2 Qxf2+ 42. Kb1 Rxc1+ 0-1

[Event "TUR-ch"]
[Site "Antalya"]
[Date "2013.02.07"]
[Round "9"]
[White "Fazla, Onder Zafer"]
[Black "Turkmen, Huseyin Nafizhan"]
[Result "1-0"]
[WhiteElo "1803"]
[BlackElo "1651"]
[PlyCount "133"]
[EventDate "2013.02.02"]
[EventType "swiss"]
[EventRounds "11"]
[EventCountry "TUR"]
[SourceTitle "CBM 152 Extra"]
[Source "ChessBase"]
[SourceDate "2013.02.25"]
[SourceVersion "1"]
[SourceVersionDate "2013.02.25"]
[SourceQuality "1"]

1. d4 Nf6 2. c4 e6 3. Nf3 b6 4. Nc3 Bb7 5. a3 Be7 6. Qc2 d5 7. e3 0-0 8. Bd3 c5 9. cxd5 exd5 10. dxc5 bxc5 11. Bd2 Nbd7 12. 0-0 Rb8 13. Rfd1 c4 14. Be2 Nc5 15. Be1 Qb6 16. Rab1 Bd6 17. Nd4 Ne6 18. Nf5 Rfd8 19. Nxd6 Rxd6 20. Na4 Qc6 21. Bb4 Rd7 22. Bf3 Ng5 23. Nc5 Nxf3+ 24. gxf3 Rdd8 25. Nxb7 Rxb7 26. Qf5 Qe6 27. Qg5 h6 28. Qh4 Kh7 29. Bc3 Rd6 30. Rd4 Qf5 31. Re1 g5 32. Qg3 Re6 33. Red1 h5 34. R4d2 Rd7 35. e4 Nxe4 36. fxe4 Rxe4 37. Rd4 h4 38. Qg2 h3 39. Qg3 Rxd4 40. Bxd4 Re7 41. f3 Re2 42. Bf2 Rxb2 43. Qg4 Qc2 44. Qh5+ Kg8 45. Qxg5+ Qg6 46. Qxg6+ fxg6 47. Bxa7 c3 48. Rc1 Rg2+ 49. Kh1 c2 50. Be3 Re2 51. Bg1 Rd2 52. a4 d4 53. a5 d3 54. a6 Re2 55. a7 Re8 56. Be3 Kf7 57. Kg1 Ke6 58. Ra1 Ra8 59. Ra5 Kd6 60. Kf2 Kc7 61. Ke1 Re8 62. Kd2 Rxe3 63. Rc5+ Kb6 64. Kxe3 Kxc5 65. Kd2 Kd4 66. a8Q c1Q+ 67. Kxc1 1-0

[Event "TUR-ch"]
[Site "Antalya"]
[Date "2013.02.03"]
[Round "3"]
[White "Fazla, Onder Zafer"]
[Black "Yassibag, Ipek Asli"]
[Result "1-0"]
[WhiteElo "1803"]
[BlackElo "1430"]
[PlyCount "61"]
[EventDate "2013.02.02"]
[EventType "swiss"]
[EventRounds "11"]
[EventCountry "TUR"]
[SourceTitle "CBM 152 Extra"]
[Source "ChessBase"]
[SourceDate "2013.02.25"]
[SourceVersion "1"]
[SourceVersionDate "2013.02.25"]
[SourceQuality "1"]

1. Nf3 Nf6 2. c4 c5 3. Nc3 Nc6 4. d4 cxd4 5. Nxd4 Nxd4 6. Qxd4 g6 7. e4 d6 8. c5 dxc5 9. Qxc5 Bg4 10. Bf4 b6 11. Bb5+ Bd7 12. Bxd7+ Qxd7 13. Qb5 Rc8 14. Rd1 Qxb5 15. Nxb5 Nd7 16. Nc7+ Kd8 17. Nd5 Bg7 18. b3 Ke8 19. 0-0 Be5 20. Rc1 Rd8 21. Bxe5 Nxe5 22. Rc7 Rd7 23. Rfc1 Rf8 24. f4 Nd3 25. Rxd7 Kxd7 26. Rc7+ Ke6 27. Rxa7 Rc8 28. g3 Rc1+ 29. Kg2 Rc2+ 30. Kf3 Rxh2 31. Nxe7 1-0